Los árboles y la flora patrimonial chilena.
Saved in:
| Hovedforfatter: | |
|---|---|
| Format: | Bog |
| Udgivet: |
Valparaíso, Chile:
Centro de Extensión del Senado; Ediciones Universitaria de Valparaíso,
2018.
|
| Fag: | |
| Tags: |
Tilføj Tag
Ingen Tags, Vær først til at tagge denne postø!
|
MARC
| LEADER | 00000cam a2200000 a 4500 | ||
|---|---|---|---|
| 001 | UCC5285 | ||
| 003 | CL-VaPUC | ||
| 005 | 20221020101405.0 | ||
| 008 | 221006t2018 ||||| |||| 00| 0 eng d | ||
| 999 | |c 439097 |d 439095 | ||
| 020 | |a 978-956-17-0766-5 | ||
| 040 | |c Pontificia Universidad Católica de Valparaíso | ||
| 082 | 0 | 4 | |a 581.983 SON 2018 |2 21 |
| 100 | 0 | |a Sone, Eduardo |e autor |9 599597 | |
| 245 | 1 | 4 | |a Los árboles y la flora patrimonial chilena. |
| 260 | |a Valparaíso, Chile: |b Centro de Extensión del Senado; |b Ediciones Universitaria de Valparaíso, |c 2018. | ||
| 300 | |a 75 páginas. | ||
| 500 | |a c.1-2. Donación Rector saliente Claudio Elortegui, Julio 2022. Sin memo. Ingresado Octubre 2022. | ||
| 583 | |a last modification |c 20181012 10:32:37 |k Catalogador Asistente | ||
| 650 | 0 | |a Flora chilena |9 416577 | |
| 650 | 0 | |a Flora nativa chilena |9 531171 | |
| 650 | 0 | |a Patrimonio cultural |9 309364 | |
| 942 | |c BK |2 ddc | ||
| 952 | |0 0 |1 0 |2 ddc |4 0 |6 581_983000000000000_SON_2018 |7 0 |8 A |9 587096 |a BIBAGR |b BIBAGR |c GEN |d 2022-10-06 |e Donación |i 5655034 |o 581.983 SON 2018 |p 5655034 |r 2025-01-20 |t 1 |w 2022-10-06 |y BK |k AGR | ||
| 952 | |0 0 |1 0 |2 ddc |4 0 |6 581_983000000000000_SON_2018 |7 0 |8 A |9 587097 |a BIBAGR |b BIBAGR |c GEN |d 2022-10-06 |e Donación |i 5655035 |o 581.983 SON 2018 |p 5655035 |r 2025-01-20 |t 2 |w 2022-10-06 |y BK |k AGR | ||